000 00519nam a22001697a 4500
005 20251108164149.0
008 250721s1993 xx 000 0 ara d
082 1 4 _a219/فار
100 1 _aإبن فارس، أبو الحسن أحمد
245 1 0 _aأوجز السير لخير البشر /
264 1 _aالقاهرة :
_bدار الرشاد،
_c1993.
300 _a134ص.
650 1 7 _aالسيرة النبوية
700 1 _aحمدان، محمد محمود
_eتحقيق
942 _2ddc
_cBK
999 _c5261
_d5261